00373nam a2200133Ia 4500008004100000041000800041082001800049100001800067245007300085260003700158300001200195365001100207650002100218210719s1979 xx 000 0 und d aeng a330.9054 SENW aSEN (Sukomal) aWorking class of India: history of emergency and movement 1830-1970. aCalcuttabK P Bagchi & Co.c1979 a466bPB b30cRs aEconomic History